00314ntaaa2200133 45000030003000000050017000030080021000200400037000410820015000781000019000932450028001122500027001406500013001670120251027202435.00714s1973 ag 01  aAR-BaBNbspacAR-BaBNeaacrdRIC a266.0000 B aBeagle, J. W.  aPeople of the Jesus way a1 ed. : bs.l., cn.f. aMisiones